Aluminum casting engineering guide

This practical guide to product and process engineering of various aluminum castings emphasizes process and material characteristics; product-process-alloy integration; manufacturing aspects of aluminum casting; product design features; tooling design, feeding and gating design; product quality need...

Full description

Saved in:
Bibliographic Details
Main Author Nath, Jagan (Metallurgical engineer)
Format Electronic eBook
LanguageEnglish
Published Materials Park, Ohio : ASM International, 2018.
Subjects
Online AccessFull text
ISBN9781627082068
1627082069
9781523120420
1523120428
9781627082051
1627082050
Physical Description1 online resource (xiv, 301 pages)

Cover

LEADER 00000cam a2200000 i 4500
001 kn-on1079871672
003 OCoLC
005 20240717213016.0
006 m o d
007 cr cn|||||||||
008 181224t20182018ohu ob 001 0 eng d
040 |a YDX  |b eng  |e rda  |e pn  |c YDX  |d N$T  |d KNOVL  |d CEF  |d STF  |d MERER  |d OCLCF  |d OCLCQ  |d EBLCP  |d OSU  |d OCLCQ  |d ERD  |d OCLCO  |d OCLCQ  |d OCLCO  |d NWQ  |d OCLCO  |d OCLCQ  |d OCLCO  |d OCLCL  |d SXB 
020 |a 9781627082068  |q (electronic bk.) 
020 |a 1627082069  |q (electronic bk.) 
020 |a 9781523120420  |q (electronic bk.) 
020 |a 1523120428  |q (electronic bk.) 
020 |z 9781627082051  |q (print) 
020 |z 1627082050  |q (print) 
035 |a (OCoLC)1079871672 
100 1 |a Nath, Jagan  |c (Metallurgical engineer)  |1 https://id.oclc.org/worldcat/entity/E39PCjD3x6KHtRBtvgr7bYF4mb 
245 1 0 |a Aluminum casting engineering guide /  |c Jagan Nath. 
264 1 |a Materials Park, Ohio :  |b ASM International,  |c 2018. 
264 4 |c ©2018 
300 |a 1 online resource (xiv, 301 pages) 
336 |a text  |b txt  |2 rdacontent 
337 |a computer  |b c  |2 rdamedia 
338 |a online resource  |b cr  |2 rdacarrier 
506 |a Plný text je dostupný pouze z IP adres počítačů Univerzity Tomáše Bati ve Zlíně nebo vzdáleným přístupem pro zaměstnance a studenty 
520 |a This practical guide to product and process engineering of various aluminum castings emphasizes process and material characteristics; product-process-alloy integration; manufacturing aspects of aluminum casting; product design features; tooling design, feeding and gating design; product quality needs and specifications; product launches; and successful conversions of aluminum from steel and iron. 
504 |a Includes bibliographical references and index. 
505 0 |a Aluminum casting applications -- Engineering component configuration -- Casting process options -- Overview of casting processes -- Alloys and heat treatment choices -- Engineering die castings -- Engineering of gravity permanent mold castings -- Engineering of low-pressure permanent mold castings -- Process selection guidelines -- Product launch process. 
590 |a Knovel  |b Knovel (All titles) 
650 0 |a Aluminum founding. 
655 7 |a elektronické knihy  |7 fd186907  |2 czenas 
655 9 |a electronic books  |2 eczenas 
776 0 8 |i Print version:  |a Nath, Jagan.  |t Aluminum casting engineering guide.  |d Materials Park, Ohio : ASM International, [2018]  |z 1627082050  |w (OCoLC)1054001857 
856 4 0 |u https://proxy.k.utb.cz/login?url=https://app.knovel.com/hotlink/toc/id:kpACEG000M/aluminum-castings-engineering?kpromoter=marc  |y Full text